| 000 | 00543nam a2200181Ia 4500 | ||
|---|---|---|---|
| 008 | 240925s9999 xx 000 0 und d | ||
| 020 | _a9783642410536 | ||
| 082 | _a004.6 SHA | ||
| 100 | _aShaikh, Faisal Karim; Chowdhry, Bhawani Shankar | ||
| 245 | 0 | _aWireless Sensor Networks for Developing Countries | |
| 250 | _aNA | ||
| 260 |
_aNew York: _bSpringer _c,2013. |
||
| 300 |
_aviii, 672p. _b0 _fOriginal |
||
| 500 | _aIncludes Index | ||
| 600 | _aComputer Science | ||
| 650 | _aComputer science, information & general works | ||
| 942 | _cBK | ||
| 999 |
_c14156 _d14156 |
||